Corporate governance: (Record no. 157574)

MARC details
000 -LEADER
fixed length control field 00751nam a22002297a 4500
005 - DATE AND TIME OF LATEST TRANSACTION
control field 20180919145449.0
010 ## - LCCN (DPL NO)
LC control number ENG-124000
020 ## - INTERNATIONAL STANDARD BOOK NUMBER
International Standard Book Number 9789353062668
Terms of availability 659.00
035 ## - SYSTEM CONTROL NUMBER
System control number EN-107532
037 ## - SOURCE OF ACQUISITION
Source of stock number/acquisition DBAD/PUB
082 ## - DEWEY DECIMAL CLASSIFICATION NUMBER
Classification number 658.4
100 ## - MAIN ENTRY--PERSONAL NAME
Personal name Fernando A.C.
245 ## - TITLE STATEMENT
Title Corporate governance:
Statement of responsibility, etc by A.C. Fernando; K.P. Muraleedharan [and] E.K. Satheesh
Remainder of title principles, policies and practices /
250 ## - EDITION STATEMENT
Edition statement 3rd ed.
260 ## - PUBLICATION, DISTRIBUTION, ETC. (IMPRINT)
Place of publication, distribution, etc Noida
Name of publisher, distributor, etc Pearson
Date of publication, distribution, etc 2018
270 ## - ADDRESS
Address 15th Floor, Tower B, Worls Trade Tower, Plot No.1, Block -C
City Noida (UP)
Postal code 201301
300 ## - PHYSICAL DESCRIPTION
Extent xxvi, 668p.
Dimensions 26cm.
Other physical details ill.
500 ## - GENERAL NOTE
General note It include subject index
700 ## - ADDED ENTRY--PERSONAL NAME
Personal name Muraleedharan K.P.
700 ## - ADDED ENTRY--PERSONAL NAME
Personal name Satheesh E.K.
942 ## - ADDED ENTRY ELEMENTS (KOHA)
Source of classification or shelving scheme Dewey Decimal Classification
Item type English Books
Classification part 658.4
Call number suffix FER
Holdings
Withdrawn status Lost status Not for loan Collection code Home library Current library Date acquired Source of acquisition Cost, normal purchase price Full call number Barcode Copy number Cost, replacement price Koha item type
    Not For Loan Non-fiction D.B.Act.Division Bawana 19/09/2018 DBAD/PUB 659.00 658.4 FER EN-107532 1 659.00 English Books

© Delhi Public Library
Hit Counter
free hit counter